| 000 | 01133nam a22002537a 4500 | ||
|---|---|---|---|
| 005 | 20170123164159.0 | ||
| 010 | _aB-065834 | ||
| 020 | _c125.00 | ||
| 035 | _aB-065834 | ||
| 037 | _bCen Lib/Ret | ||
| 040 |
_aDPL _bPN |
||
| 082 |
_a080 _bਸੰਧੂਗੁ |
||
| 245 |
_aਵਾਸਨਾ ਵਿਸਕੀ ਵਿਦਵਤਾ / _cਅਨੁਵਾਦਕ ਗੁਲਜ਼ਾਰ ਸਿੰਘ ਸੰਧੂ |
||
| 246 |
_aVaasna whisky vidvata : a cocktaiil about Kushwant Singh / _bedited by Gulzar Singh Sandhu |
||
| 260 |
_aਦਿੱਲੀ _bਨਵਯੁਗ ਪਬਲਿਸ਼ਰਜ਼ _c2002 |
||
| 270 |
_bਦਿੱਲੀ _aਕੇ.-24, ਹੁਜ਼ ਖਾਸ |
||
| 300 |
_a152p . _c19cm(hb) |
||
| 650 |
_aਪੱਤਰਕਾਰੀ - ਭਾਰਤ ਨੂੰ - ਇਤਿਹਾਸ - 19 ਪੱਟੀ. _9132287 |
||
| 650 |
_aHindi--journalism _943511 |
||
| 650 |
_aJournalism -- India -- History -- 19th century. _9132288 |
||
| 650 |
_aਪੰਜਾਬੀ -- ਪੱਤਰਕਾਰੀਤਾ _9132289 |
||
| 700 |
_aਸੰਧੂ, ਗੁਲਜ਼ਾਰ ਸਿੰਘ _9132290 |
||
| 942 |
_2ddc _cPN _h080 _mਸੰਧੂਗੁ |
||
| 999 |
_c110921 _d110921 |
||